[Event "AUTO-ADV-125"]
[Site "http://www.queenalice.com/game.php?id=47884"]
[Date "2006.1.14"]
[Round "1"]
[White "shimrah"]
[Black "XereX"]
[Result "1-0"]
[WhiteElo "1525"]
[BlackElo "1452"]

1. e4 e5 2. Nf3 Nc6 3. c3 Nf6 4. Qc2 d5 5. d3 Bg4 6. h3 Bxf3 7. gxf3 Bc5 8. f4
O-O 9. Bg2 dxe4 10. dxe4 exf4 11. Bxf4 Re8 12. Qd2 Qxd2+ 13. Nxd2 Rad8 14. O-O-O
Bxf2 15. Bxc7 Rd7 16. Ba5 Nxa5 17. Nf3 Rxd1+ 18. Rxd1 Nxe4 19. Nd4 g6 20. b4 Nc4
21. Bxe4 Rxe4 22. Kc2 1-0

[Event "AUTO-OPEN-154"]
[Site "http://www.queenalice.com/game.php?id=49112"]
[Date "2006.1.23"]
[Round "2"]
[White "XereX"]
[Black "vindaloo"]
[Result "0-1"]
[WhiteElo "1485"]
[BlackElo "1780"]

1. e4 d5 2. exd5 Qxd5 3. Nc3 Qe6+ 4. Be2 c6 5. Nf3 Qg6 6. O-O f5 7. d4 Nf6 8.
Ne5 Qxg2+ 9. Kxg2 e6 10. Bh5+ g6 11. Bf3 Nbd7 12. Bg5 Bg7 13. h4 O-O 14. h5 Nxe5
15. dxe5 Nd7 16. hxg6 hxg6 17. Rh1 Nxe5 18. Qd6 Nf7 19. Qb4 Nxg5 20. Ne2 Nxf3
21. Kxf3 Bf6 22. Nf4 Kg7 23. Rh3 b6 24. Rah1 c5 25. Qb3 Re8 26. Rh7+ Kg8 27.
Nxg6 Bb7+ 28. Ke2 Bxh1 29. Rxh1 Kg7 30. Qg3 Kf7 31. Rh7+ Kg8 32. Rh8+ Bxh8 33.
Ne5+ Bg7 34. Nd7 Kf7 35. Qh3 Rh8 36. Qg2 Rad8 37. Qb7 Kg6 38. Qxa7 Rh7 39. Nxb6
Bd4 40. Qa5 Rh2 41. Nc4 Rxf2+ 42. Ke1 Rh8 0-1

[Event "AUTO-OPEN-154"]
[Site "http://www.queenalice.com/game.php?id=49113"]
[Date "2006.1.23"]
[Round "2"]
[White "vindaloo"]
[Black "XereX"]
[Result "1-0"]
[WhiteElo "1793"]
[BlackElo "1512"]

1. c4 d6 2. d4 b6 3. b4 a5 4. b5 c6 5. a4 e5 6. Nc3 Qf6 7. Be3 Nd7 8. bxc6 Nb8
9. d5 Na6 10. Bxb6 Rb8 11. Bxa5 Nc5 12. e4 Rb2 13. f3 Qh4+ 14. g3 Qf6 15. Rb1
Rxb1 16. Qxb1 Ne7 17. Qb6 Nd7 18. Qd8# 1-0

[Event "AUTO-OPEN-154"]
[Site "http://www.queenalice.com/game.php?id=49114"]
[Date "2006.1.23"]
[Round "2"]
[White "XereX"]
[Black "chessdeviant"]
[Result "0-1"]
[WhiteElo "1501"]
[BlackElo "1731"]

1. e4 e5 2. Nf3 Nc6 3. Bc4 h6 4. O-O Nf6 5. d4 exd4 6. Nxd4 Be7 7. Nf5 O-O 8.
Bxh6 gxh6 9. e5 Nxe5 10. Nxh6+ Kg7 11. Nf5+ Kh7 12. Qd2 Ng8 13. Bd3 Ng6 14. g3
d6 15. Re1 Bxf5 16. Bxf5 Bg5 17. f4 Bh6 18. Nc3 Ne7 19. Bd3 c6 20. g4 Bxf4 21.
Bxg6+ Nxg6 22. Qd3 Qh4 23. Re2 Rae8 24. Rf2 Be3 25. Rf1 Qxg4+ 26. Kh1 Bxf2 27.
Rxf2 Re1+ 28. Rf1 Rxf1+ 29. Qxf1 Kg7 30. Qf2 Qf4 31. Qd4+ Qxd4 0-1

[Event "AUTO-OPEN-154"]
[Site "http://www.queenalice.com/game.php?id=49115"]
[Date "2006.1.23"]
[Round "2"]
[White "chessdeviant"]
[Black "XereX"]
[Result "1-0"]
[WhiteElo "1769"]
[BlackElo "1492"]

1. e4 e5 2. Nf3 Nc6 3. Bb5 Nf6 4. d3 Bc5 5. Be3 Bxe3 6. fxe3 O-O 7. O-O a6 8.
Ba4 b5 9. Bb3 Qe7 10. Nbd2 Bb7 11. a4 Na5 12. axb5 Nxb3 13. Nxb3 axb5 14. Rxa8
Rxa8 15. Qd2 d5 16. Qc3 dxe4 17. Qxe5 Qxe5 18. Nxe5 Ra2 19. Rb1 exd3 20. cxd3
Ng4 21. Nxg4 Bd5 22. Nc5 f5 23. Ne5 c6 24. Ned7 Kf7 25. Nb6 Ke7 26. Nxd5+ Kd6
27. Nb4 Ra7 28. d4 Re7 29. Kf2 g6 30. g3 h5 31. Nbd3 Kd5 32. b3 Kd6 33. h4 Kd5
34. Nf4+ 1-0

[Event "Challenge"]
[Site "http://www.queenalice.com/game.php?id=51342"]
[Date "2006.2.6"]
[Round "-"]
[White "DenisDiaz"]
[Black "XereX"]
[Result "1-0"]
[WhiteElo "1632"]
[BlackElo "1481"]

1. e4 e5 2. Nf3 Nc6 3. Bb5 Nd4 4. Nxd4 Qg5 5. Nf3 Qxg2 6. Rf1 g5 7. d3 Bh6 8.
Nc3 c6 9. Bc4 b5 10. Bb3 a5 11. a3 Nf6 12. Rg1 Qh3 13. Bxg5 Rg8 14. Rg3 Qh5 15.
Bxf6 Rxg3 16. fxg3 Bf8 17. Nxe5 Qxh2 18. Bxf7# 1-0

[Event "AUTO-OPEN-222"]
[Site "http://www.queenalice.com/game.php?id=53488"]
[Date "2006.2.17"]
[Round "1"]
[White "Fernandokant"]
[Black "XereX"]
[Result "1-0"]
[WhiteElo "1924"]
[BlackElo "1452"]

1. e4 e5 2. Nf3 Nc6 3. Bb5 Nd4 4. Nxd4 exd4 5. O-O a6 6. Ba4 b5 7. Bb3 d6 8. d3
Be7 9. c3 dxc3 10. bxc3 Bb7 11. Qg4 g6 12. Qf3 f5 13. Re1 Nf6 14. Bh6 Qd7 15.
Bg7 Rg8 16. Bxf6 Bxf6 17. exf5+ Be5 18. Qxb7 Ke7 19. Bxg8 Rxg8 20. f4 Kf6 21.
fxe5+ Kxf5 22. Qe4+ Kg5 23. e6 Qf7 24. exf7 Rf8 25. h4+ Kh6 26. Rf1 1-0

[Event "AUTO-OPEN-222"]
[Site "http://www.queenalice.com/game.php?id=53489"]
[Date "2006.2.17"]
[Round "1"]
[White "XereX"]
[Black "Fernandokant"]
[Result "0-1"]
[WhiteElo "1454"]
[BlackElo "1898"]

1. e4 e5 2. Nf3 Nc6 3. Nc3 Nf6 4. d4 exd4 5. Nxd4 Bc5 6. Nxc6 bxc6 7. Bc4 O-O 8.
e5 Ne8 9. Ne4 Qe7 10. O-O d5 11. Nxc5 Qxc5 12. Bb3 a5 13. Be3 Qe7 14. f4 Nf6 15.
c4 Ng4 16. Rf3 Nxe3 17. Rxe3 Qc5 18. Qe2 d4 19. Rd3 Bf5 20. Rd2 a4 21. Bc2 d3+
22. Qf2 Qxf2+ 23. Kxf2 dxc2 24. Rc1 Rad8 25. Rdxc2 Bxc2 0-1

[Event "AUTO-OPEN-222"]
[Site "http://www.queenalice.com/game.php?id=53514"]
[Date "2006.2.17"]
[Round "1"]
[White "Stingray"]
[Black "XereX"]
[Result "1-0"]
[WhiteElo "1579"]
[BlackElo "1452"]

1. e4 e5 2. f4 exf4 3. Nf3 d6 4. d4 c5 5. c3 f5 6. Bd3 fxe4 7. Bxe4 Qe7 8. Qe2
d5 9. Bxd5 Qxe2+ 10. Kxe2 Nf6 11. Bc4 Bd6 12. dxc5 Bxc5 13. Bxf4 Bf5 14. Re1 Nc6
15. Kf1+ Be4 16. Nbd2 O-O-O 17. Nxe4 Nxe4 18. Be6+ Rd7 19. Bxd7+ Kxd7 20. Rxe4
Rf8 21. Rd1+ Kc8 22. Bd6 Bxd6 23. Rxd6 g5 24. Kg1 h6 25. Rxh6 Rd8 26. Nxg5 a6
27. Nf7 1-0

[Event "AUTO-OPEN-222"]
[Site "http://www.queenalice.com/game.php?id=53515"]
[Date "2006.2.17"]
[Round "1"]
[White "XereX"]
[Black "Stingray"]
[Result "0-1"]
[WhiteElo "1452"]
[BlackElo "1593"]

1. e4 c5 2. c4 Nc6 3. Nc3 g6 4. Nf3 Bg7 5. a3 d6 6. d4 cxd4 7. Nxd4 Nxd4 8. Be3
Nc6 9. Be2 Nf6 10. O-O O-O 11. Re1 Qc7 12. Nb5 Qd7 13. b4 Nxe4 14. Rc1 a6 15.
Nd4 Nxd4 16. Bxd4 Bxd4 17. Qxd4 Nf6 18. c5 dxc5 19. Qxc5 b5 20. Bf3 Ra7 21. Bc6
Qc7 22. Qg5 Qb6 23. Bf3 Be6 24. h4 Rd7 25. h5 Rd2 26. Qxd2 Rd8 27. Qc3 Kf8 0-1

[Event "AUTO-OPEN-222"]
[Site "http://www.queenalice.com/game.php?id=53532"]
[Date "2006.2.17"]
[Round "1"]
[White "XereX"]
[Black "Luciano_Matte"]
[Result "0-1"]
[WhiteElo "1487"]
[BlackElo "1915"]

1. e4 c6 2. d4 d5 3. exd5 cxd5 4. Nc3 Nf6 5. Nf3 a6 6. Bd3 Bg4 7. h3 Bh5 8. g4
Bg6 9. Ng5 e6 10. Bf4 Bd6 11. Be5 Bxe5 12. dxe5 Nfd7 13. Bxg6 hxg6 14. Nf3 Nc6
15. Qd2 Ndxe5 16. Nxe5 Nxe5 17. O-O-O Nc4 18. Qf4 Qf6 19. Qc7 O-O 20. b3 Rfc8
21. Qxb7 Rcb8 22. Qc6 Qxc3 23. bxc4 dxc4 24. f4 Qe3+ 0-1

[Event "AUTO-OPEN-222"]
[Site "http://www.queenalice.com/game.php?id=53533"]
[Date "2006.2.17"]
[Round "1"]
[White "Luciano_Matte"]
[Black "XereX"]
[Result "1-0"]
[WhiteElo "1908"]
[BlackElo "1494"]

1. c4 Nf6 2. Nf3 Nc6 3. d4 e6 4. Nc3 Bb4 5. Bd2 d5 6. e3 O-O 7. Bd3 dxc4 8. Bxc4
a6 9. a3 Bxc3 10. Bxc3 b5 11. Bd3 Bb7 12. O-O Nd5 13. Qc2 f5 14. Rac1 Rc8 15. b4
g5 16. Bb2 g4 17. Ne5 Nxe5 18. dxe5 h5 19. Rfd1 h4 20. e4 Nf4 21. exf5 Bxg2 22.
f6 Kf7 23. Bg6+ 1-0

[Event "AUTO-ADV-139"]
[Site "http://www.queenalice.com/game.php?id=53553"]
[Date "2006.2.17"]
[Round "1"]
[White "XereX"]
[Black "retalhador"]
[Result "0-1"]
[WhiteElo "1456"]
[BlackElo "1856"]

1. e4 e5 2. Nf3 Nc6 3. Bc4 Nf6 4. d4 Nxd4 5. Nxe5 Ne6 6. Bg5 Be7 7. Bxf6 Bxf6 8.
Ng4 O-O 9. O-O d6 10. Nc3 Bxc3 11. bxc3 Nc5 12. Qf3 Qg5 13. h3 Bxg4 14. hxg4 c6
15. Rad1 Qe5 16. g3 Rad8 17. Rd3 Nxd3 18. Qxd3 d5 19. Bb3 dxe4 20. Qe3 b6 21. a4
Kh8 22. Re1 f5 23. Qg5 h6 24. Qh4 fxg4 25. Qxg4 Qc5 26. Qe2 Rd6 27. Rf1 Rdf6 28.
Kg2 e3 29. f3 Qxc3 30. f4 Rd8 31. Rd1 Rd2 32. Rxd2 Qxd2 33. Qxd2 exd2 34. c3 Rd6
35. Bd1 Rd3 36. Kf2 Rxc3 37. Ke2 Rxg3 38. Kxd2 Kg8 39. Ke2 h5 40. Kf2 h4 41. Bf3
c5 0-1

[Event "AUTO-ADV-139"]
[Site "http://www.queenalice.com/game.php?id=53554"]
[Date "2006.2.17"]
[Round "1"]
[White "retalhador"]
[Black "XereX"]
[Result "1-0"]
[WhiteElo "1686"]
[BlackElo "1461"]

1. e4 e5 2. Nf3 Nc6 3. Bb5 Nd4 4. Nxd4 exd4 5. O-O a6 6. Be2 Nf6 7. e5 Nd5 8. c3
dxc3 9. Nxc3 Nf4 10. d4 d6 11. Bxf4 g6 12. Re1 Bg7 13. exd6 O-O 14. dxc7 Qf6 15.
Be5 Qb6 16. Na4 Qb4 17. a3 Qe7 18. Bf3 Bxe5 19. dxe5 Qg5 20. Nb6 Ra7 21. Nd7 Rd8
22. Nf6+ Qxf6 23. Qxd8+ Qxd8 24. cxd8=Q+ 1-0

[Event "AUTO-ADV-139"]
[Site "http://www.queenalice.com/game.php?id=53555"]
[Date "2006.2.17"]
[Round "1"]
[White "XereX"]
[Black "marte"]
[Result "0-1"]
[WhiteElo "1486"]
[BlackElo "2052"]

1. e4 e5 2. Nf3 Nf6 3. d4 Nxe4 4. Qe2 d5 5. Nxe5 Nd7 6. f3 Nxe5 7. fxe4 Ng6 8.
exd5+ Be7 9. Bg5 Qxd5 10. Bxe7 Nxe7 11. c3 Be6 12. Na3 O-O 13. b3 Qg5 14. c4 Bg4
15. Qe5 Qxe5+ 16. dxe5 a6 17. h3 Be6 18. O-O-O Rad8 19. Be2 Nc6 20. Bf3 Nxe5 21.
Rxd8 Rxd8 22. Nc2 Nxf3 23. Rf1 Ne5 24. Ne3 Nd3+ 25. Kc2 Nb4+ 26. Kb1 Rd3 27. Re1
Rd2 28. Nd5 Bf5+ 29. Kc1 Rc2+ 30. Kd1 Kf8 31. Re5 Nxd5 32. Rxd5 Rf2 33. Ke1 Rf4
34. Ke2 Ke7 35. g3 Re4+ 36. Kf3 Bg6 37. h4 Re6 38. Rc5 Kd7 39. Rd5+ Rd6 40. Re5
Rd2 41. Ra5 f6 42. Kf4 Rf2+ 43. Ke3 Rf5 44. Rxf5 Bxf5 45. b4 b6 46. a3 Kd6 47.
Kd4 c5+ 0-1

[Event "AUTO-ADV-139"]
[Site "http://www.queenalice.com/game.php?id=53556"]
[Date "2006.2.17"]
[Round "1"]
[White "marte"]
[Black "XereX"]
[Result "1-0"]
[WhiteElo "1755"]
[BlackElo "1507"]

1. d4 d5 2. c4 dxc4 3. e3 Nf6 4. Bxc4 e6 5. Nf3 Bd6 6. O-O O-O 7. Nc3 c6 8. e4
Nbd7 9. e5 b5 10. Bd3 Bxe5 11. dxe5 Nd5 12. Nxd5 cxd5 13. Bxb5 Qf6 14. exf6 1-0

[Event "AUTO-ADV-139"]
[Site "http://www.queenalice.com/game.php?id=53557"]
[Date "2006.2.17"]
[Round "1"]
[White "XereX"]
[Black "Aachen"]
[Result "0-1"]
[WhiteElo "1454"]
[BlackElo "1589"]

1. e4 c5 2. c4 e6 3. Nc3 Nc6 4. d3 Nf6 5. Bg5 h6 6. Bh4 Be7 7. Nf3 O-O 8. h3 d6
9. g4 e5 10. Bg2 Nd4 11. Nxd4 cxd4 12. Nd5 Nxd5 13. exd5 Bxh4 14. Qf3 Qf6 15.
Qxf6 Bxf6 16. O-O-O Bd7 17. Be4 Rac8 18. b3 Bg5+ 19. Kc2 f5 20. gxf5 Bxf5 21. f3
Bxe4 22. fxe4 Rf2+ 23. Kb1 b5 24. h4 Bd2 25. Rh3 Bc3 26. Kc1 Rxa2 27. Kb1 Rb2+
28. Kc1 bxc4 29. bxc4 Rcb8 0-1

[Event "AUTO-ADV-139"]
[Site "http://www.queenalice.com/game.php?id=53558"]
[Date "2006.2.17"]
[Round "1"]
[White "Aachen"]
[Black "XereX"]
[Result "1-0"]
[WhiteElo "1627"]
[BlackElo "1450"]

1. Nf3 Nc6 2. c4 Nf6 3. Nc3 e6 4. d4 d5 5. Bf4 Bd6 6. Bg3 dxc4 7. e3 O-O 8. Bxc4
Bxg3 9. hxg3 Re8 10. Qc2 Nb4 11. Qb1 c6 12. a3 b5 13. Bxb5 cxb5 14. axb4 a5 15.
Nxb5 Ba6 16. Rxa5 Bxb5 17. Rxb5 Ne4 18. Nd2 Nxd2 19. Qxh7+ Kf8 20. Qh8+ Ke7 21.
Rb7+ Kd6 22. Qh5 f5 23. Kxd2 Ra2 24. Rb1 Qa8 25. Rb6+ Kc7 26. Rb5 Rb8 27. Qf7+
Kd6 28. Rc5 Rc8 29. Qxg7 Rxc5 30. dxc5+ Kc6 31. Qe7 Qc8 32. Qd6+ Kb5 33. Qb6+
Kc4 34. Rc1+ Kb3 35. Rb1 Rxb2+ 36. Rxb2+ Kxb2 37. Qd6 Kb3 38. b5 Kb4 39. b6 Qa6
40. Qd4+ Ka5 41. Qa1+ 1-0

[Event "AUTO-INT-32"]
[Site "http://www.queenalice.com/game.php?id=54233"]
[Date "2006.2.22"]
[Round "2"]
[White "XereX"]
[Black "mustang"]
[Result "0-1"]
[WhiteElo "1484"]
[BlackElo "2061"]

1. e4 c5 2. Nf3 d6 3. Nc3 a6 4. d4 cxd4 5. Qxd4 Nc6 6. Qe3 e6 7. Bc4 Nf6 8. O-O
Be7 9. a3 b5 10. Bb3 Bb7 11. Qg5 O-O 12. Bf4 Nxe4 13. Qg4 Nxc3 14. bxc3 Bf6 15.
Rad1 d5 16. Rfe1 Bxc3 17. Bh6 Kh8 18. Bd2 Bxd2 19. Rxd2 Na5 20. Re5 Nxb3 21.
Rde2 Nc5 22. Rh5 Ne4 23. Ne5 Nf6 24. Qg3 Nxh5 25. Qg4 Nf6 26. Qf3 Qb6 27. Qb3
Rac8 28. a4 b4 29. g4 Rc3 30. Qb2 Qd4 31. Re3 Nxg4 32. Nf3 Qd1+ 0-1

[Event "AUTO-INT-32"]
[Site "http://www.queenalice.com/game.php?id=54234"]
[Date "2006.2.22"]
[Round "2"]
[White "mustang"]
[Black "XereX"]
[Result "1-0"]
[WhiteElo "2045"]
[BlackElo "1443"]

1. e4 e5 2. Nf3 Nc6 3. d4 exd4 4. Nxd4 Nf6 5. Nxc6 bxc6 6. e5 Nd5 7. c4 Nb6 8.
Nc3 Bb4 9. Bd2 Ba6 10. Qg4 O-O 11. Bh6 g6 12. c5 Bxc5 13. Bxa6 Qe7 14. Bxf8 Qxf8
15. O-O Qe8 16. Rae1 Qe6 17. Qxe6 dxe6 18. Bb7 Rd8 19. Bxc6 Kg7 20. b3 Rd2 21.
Ne4 Rc2 22. Nxc5 Rxa2 23. Ra1 Rc2 24. Rfc1 Re2 25. f4 f6 26. Rxa7 1-0

[Event "Jogo Croata"]
[Site "http://www.queenalice.com/game.php?id=58788"]
[Date "2006.3.22"]
[Round "-"]
[White "joaoreis001"]
[Black "XereX"]
[Result "1-0"]
[WhiteElo "1740"]
[BlackElo "1465"]

1. Nf3 Nc6 2. g3 d5 3. d4 Bg4 4. h3 Bh5 5. Bg2 e5 6. g4 Bg6 7. c3 exd4 8. Nxd4
Bc5 9. O-O Nf6 10. e3 O-O 11. b4 Bd6 12. g5 Ne4 13. f3 Ng3 14. Re1 f5 15. Ne6
1-0

[Event "Jogo Croata II"]
[Site "http://www.queenalice.com/game.php?id=58789"]
[Date "2006.3.22"]
[Round "-"]
[White "XereX"]
[Black "joaoreis001"]
[Result "0-1"]
[WhiteElo "1460"]
[BlackElo "1751"]

1. e4 e5 2. Nf3 Nc6 3. Nc3 Nf6 4. d4 Bd6 5. d5 Ne7 6. Bg5 h6 7. Bh4 O-O 8. h3 b6
9. g4 g5 10. Nxg5 hxg5 11. Bxg5 Nh7 12. Bh4 f6 13. Qd2 Ng6 14. Bg3 Ng5 0-1